000 00504nam a2200181Ia 4500
001 18348
005 20260306171624.0
008 260306s9999||||xx |||||||||||||| ||und||
041 _aESP
082 _a658.4034
_bD88
100 _aDomínguez Machuca, José Antonio (coord. y dir.)
_eAUT
245 0 _aDirección de operaciones :
_baspectos tácticos y operativos en la producción y los servicios
260 _c1995
300 _a
_c
650 _aGEN
654 _aCAN
942 _cLIB
_dJUS
_fJUS
_2ddc
_n
999 _c18348
_d18348